书目信息 |
| 题名: |
应用偏微分方程
|
|
| 作者: | 李艳玲 编著 | |
| 分册: | ||
| 出版信息: | 西安 西安交通大学出版社 2009.08 |
|
| 页数: | 111页 | |
| 开本: | 23cm | |
| 丛书名: | ||
| 单 册: | ||
| 中图分类: | O175.2 | |
| 科图分类: | ||
| 主题词: | 编微分方程--bian wei fen fang cheng | |
| 电子资源: | ||
| ISBN: | 978-7-5605-3160-1 | |
| 000 | 00886nam0 2200253 450 | |
| 001 | 012011427863 | |
| 005 | 20110425105934.53 | |
| 010 | @a978-7-5605-3160-1@dCNY13.50 | |
| 100 | @a20110425d2009 em y0chiy0120 ea | |
| 101 | 0 | @achi |
| 102 | @aCN@b610000 | |
| 105 | @ay a 000yy | |
| 106 | @ar | |
| 200 | 1 | @a应用偏微分方程@Aying yong pian wei fen fang cheng@f李艳玲编著@Fli yan ling bian zhu |
| 210 | @a西安@c西安交通大学出版社@d2009.08 | |
| 215 | @a111页@d23cm | |
| 300 | @a通用高等教育教材 | |
| 320 | @a有书目 | |
| 330 | @a本书主要介绍了几类生态和化学模型的最新研究成果,具有很强的应用价值。主要内容有:偏微分方程的基本知识、基本理论、几类多种群的Lotka-Volterra模型解的长时间行为等内容。 | |
| 606 | 0 | @a编微分方程@Abian wei fen fang cheng |
| 690 | @aO175.2@v4 | |
| 701 | 0 | @a李艳玲@Ali yan ling@4编著 |
| 801 | 0 | @aCN@bQSSK@c20110425 |
| 905 | @b791994-96@dO175.2@eL313@f3 | |
| 应用偏微分方程/李艳玲编著.-西安:西安交通大学出版社,2009.08 |
| 111页;23cm |
| 通用高等教育教材 |
| ISBN 978-7-5605-3160-1:CNY13.50 |
| 本书主要介绍了几类生态和化学模型的最新研究成果,具有很强的应用价值。主要内容有:偏微分方程的基本知识、基本理论、几类多种群的Lotka-Volterra模型解的长时间行为等内容。 |
| ● |
| 相关链接 |
|
|
|
正题名:应用偏微分方程
索取号:O175.2/L313
 
预约/预借
| 序号 | 登录号 | 条形码 | 馆藏地/架位号 | 状态 | 备注 |
| 1 | 791994 | 207919948 | 自科库401/401自科库 45排3列4层/ [索取号:O175.2/L313] | 在馆 | |
| 2 | 791995 | 207919957 | 自科库401/401自科库 45排3列4层/ [索取号:O175.2/L313] | 在馆 | |
| 3 | 791996 | 207919966 | 自科库401/401自科库 45排3列4层/ [索取号:O175.2/L313] | 在馆 |